000 00751nam a2200217 a 4500
001 49068
003 BD-RjUL
005 20211209054629.0
008 160512s1970 bg ||||| |||| 00| p ben d
035 _a(BD-RjUL) 49187
040 _aBD-RjUL
_bben
_cBD-RjUL
041 _aben
082 _223
_a891.441
_bHAJ 1970
100 1 0 _aহাজারী,আবদুল গনি
_9147626
245 1 0 _aজাগ্রত প্রদীপে /
_cআবদুল গনি হাজারী
260 _aঢাকা :
_bনওরোজ কিতাবিস্তান,
_c১৯৭০
300 _a৭৫ পৃ. ;
_c২১ সেমি.
650 _aবাংলা কবিতা
_9126089
650 _aBengali Poetry
_9126090
942 _2ddc
_cBK
999 _c49068
_d49068